| 000 | 00523nam a22001817a 4500 | ||
|---|---|---|---|
| 999 |
_c113783 _d113783 |
||
| 003 | OSt | ||
| 005 | 20200908221521.0 | ||
| 008 | 190724b2010 ||||| |||| 00| 0 eng | ||
| 040 | _cNLS | ||
| 082 | _a340.092 PAT | ||
| 100 | _aYatagal Patil | ||
| 245 |
_aDivine grace : _cBiography of Shivaraj Patil |
||
| 260 |
_aDharwad _bSangati _c2010 |
||
| 300 | _aHB | ||
| 505 | _aContents 1 Biography 1.1 Legal career 1.2 Post-judicial career 2 References | ||
| 600 | _aLegal Biographies - Shivaraj Patil | ||
| 942 |
_2ddc _cBK |
||